| 000 | 00403nam a2200145Ia 4500 | ||
|---|---|---|---|
| 008 | 230917s9999||||xx |||||||||||||| ||und|| | ||
| 040 |
_e189458 _aMAIN |
||
| 041 | _aEnglish | ||
| 082 | _a158.1 T673G | ||
| 100 | _aTracy, Brian | ||
| 245 | 0 | _aGoals: How to get everything you want-faster thanyou ever thought possible | |
| 260 |
_aNew Delhi _bTata McGraw-Hill _c2004 |
||
| 300 | _a291 p. | ||
| 942 | _cBK | ||
| 999 |
_c152967 _d152967 |
||